Cuerpo Humano por Letra - I - Estadísticas

Estadísticas generales
  • Esta prueba ha sido intentada 40 veces
    37 desde el último reinicio
  • La puntuación promedio es 10 de 15
Estadísticas de respuestas
Definición Respuesta % Correcto
Segundo dedo de la mano si se empieza a contar desde el pulgar. Índice
100%
Existe el delgado y el grueso. Aquí se produce la digestión. Intestino
100%
Parte coloreada del ojo entre la córnea y el cristalino. Iris
100%
Vigilia, falta de sueño a la hora de dormir. Insomnio
93%
Introducir algo en el cuerpo por la boca. Ingerir
86%
El tipo más eficaz de tratamiento para la fertilidad. Fecundación {In Vitro}
83%
Ocurre cuando el flujo sanguíneo a una parte del corazón se bloquea. Infarto
83%
Invasión y multiplicación de gérmenes en el cuerpo. Infección
79%
Cuando se interrumpe el flujo sanguíneo a una parte del cerebro. También llamado ACV. Ictus
69%
Incapacidad para controlar el flujo de orina desde la vejiga. {Incontinencia} urinaria
59%
Amarilleamiento de la piel y del blanco de los ojos por una enfermedad hepática. Ictericia
48%
Parte del cuerpo humano en que se unen el muslo con el torso. Ingle
48%
Condición donde el sistema inmunitario está debilitado y no puede combatir infecciones Inmunodeficiencia
28%
Reacción del sistema digestivo cuando el cuerpo no puede digerir un alimento. Intolerancia
17%
Enfermedad respiratoria contagiosa común. Influenza
14%
No se encontraron pruebas coincidentes
Distribución de puntuación
Porcentaje de gente con cada puntuación
Porcentaje por número respondido
Historial de tus puntuaciones
No has intentado esta prueba desde el último reinicio